000 00292 a2200097 4500
090 _c4423
_d4423
100 _aJeff Davidson
245 _aBreathing Space Living and Working at a Comfortable Pace in a Sped up Society
260 _aHeinemann Asia
_bSingapore
_c1993
942 _aNBS
_cBK
_k813.54 BRU
999 _c346867
_d346867